000 00288nam a2200121Ia 4500
008 230524s9999 xx 000 0 und d
100 _aChuck Easttom
245 0 _aComputer Security Fundamentals
260 _bPearson
500 _aQuantity Number: 2
650 _aComp-Sc
942 _cBK
999 _c50232
_d50232